000 00612nam a2200229 a 4500
005 20140310183451.0
008 090120s19uu xx 00 eng d
020 _a9780071495905
050 _aHF 5825
_b.C264 2008
100 _aCallen, Barry
245 _aPerfect phrases for sales and marketing copy /
_cBarry Callen
260 _aNew York :
_bMcGraw-Hill,
_c2007.
300 _a191 p. :
_c19 cm.
521 _aBSBA
650 _aBSBA.
650 _aAdvertising copy.
650 _aMarketing.
650 _aMarketing Terminology.
650 _aSelling.
942 _cBK
_2lcc
_kFOR
999 _c23398
_d23398